=LDR 00000nam 2200000 4500 =001 INLIS000000000038654 =005 20130612144322 =008 ***********************************Ind** =035 ##$$0010-061300000038654 =041 ##$$a Ind =082 ##$$a 641.5 =090 ##$$a 641.5, Mar t =100 ##$$a Matiana, Riena Primari =245 ##$$a 30 resep masakan pilihan dari dapur tempat dulu, Oleh Riena Primari Martiana; Editor, Intarina Hardiman =260 ##$$a 2011 $b Jakarta =300 ##$$a 72 hlm, Ilus, 21 cm =650 ##$$a Masakan, Resep =700 ##$$a Hardiman, Intarina =850 ##$$a NBPNMAT =990 ##$$a 0001/BPAP-NTB/2016 =990 ##$$a 0001/BPAP-NTB/2016